Implementación en multimedia del curso: sistemas de iluminación, señales y sonido
Guardat en:
| Autor principal: | |
|---|---|
| Altres autors: | , |
| Format: | Llibre |
| Publicat: |
San José, Costa Rica
2002
|
| Matèries: | |
| Etiquetes: |
Afegir etiqueta
Sense etiquetes, Sigues el primer a etiquetar aquest registre!
|
MARC
| LEADER | 00000nam a2200000Ia 4500 | ||
|---|---|---|---|
| 003 | 009061 | ||
| 005 | 20231207133113.0 | ||
| 008 | 140114s2002 cr a 000 ||s d | ||
| 040 | |c cru CEDI | ||
| 090 | |a TFG 4620 | ||
| 100 | |a Castro Blanco, Blanca Isabel, 1975- |9 2016 | ||
| 245 | |a Implementación en multimedia del curso: sistemas de iluminación, señales y sonido | ||
| 260 | |b San José, Costa Rica |c 2002 | ||
| 300 | |a vii, 60 hojas; ilustraciones a color; + 1 disco óptico de computador | ||
| 500 | |a Proyecto de graduación (bachillerato en ingeniería eléctrica)--Universidad de Costa Rica. Facultad de Ingeniería. Escuela de Ingeniería Eléctrica | ||
| 501 | |a Profesor Guía de IE-1063 Proyecto Eléctrico: M.B.A. Ing. Carlos Solís Arias | ||
| 650 | |x ENSEÑANZA POR MULTIMEDIOS |9 4110 | ||
| 700 | |a Medina Trejos, Roy Arturo, 1972- |9 2015 | ||
| 700 | |a Solís Arias, Carlos |d Director de Proyecto Eléctrico |9 2017 | ||
| 942 | |c TFG |h TFG 4620 |i 009061 |6 TFG_4620_009061000000000 | ||
| 999 | |c 16486 |d 16486 | ||
